Dil Ki Bimarian Aur Elaj-e-Nabvi (Record no. 587580)

000 -LEADER
fixed length control field 00360nam a22001337a 4500
020 ## - INTERNATIONAL STANDARD BOOK NUMBER
International Standard Book Number 9789695031254
040 ## - CATALOGING SOURCE
Transcribing agency NUST
082 ## - DEWEY DECIMAL CLASSIFICATION NUMBER
Classification number 297.266 KHA
100 ## - MAIN ENTRY--PERSONAL NAME
Personal name Dr Khalid Ghaznavi
9 (RLIN) 88329
245 ## - TITLE STATEMENT
Title Dil Ki Bimarian Aur Elaj-e-Nabvi
260 ## - PUBLICATION, DISTRIBUTION, ETC.
Place of publication, distribution, etc. LAHORE:
Name of publisher, distributor, etc. Al Faisal Nashran,
Date of publication, distribution, etc. 2018.
650 ## - SUBJECT ADDED ENTRY--TOPICAL TERM
Topical term or geographic name entry element Dil Ki Bimarian Aur Elaj-e-Nabvi
9 (RLIN) 89515
942 ## - ADDED ENTRY ELEMENTS (KOHA)
Source of classification or shelving scheme
Koha item type Book
Holdings
Withdrawn status Lost status Source of classification or shelving scheme Damaged status Not for loan Permanent Location Current Location Shelving location Date acquired Full call number Barcode Date last seen Price effective from Koha item type
          College of Electrical & Mechanical Engineering (CEME) College of Electrical & Mechanical Engineering (CEME) General Stacks 01/12/2022 297.266 KHA (KIDS SEC) CEME-50680 01/12/2022 01/12/2022 Book
          College of Electrical & Mechanical Engineering (CEME) College of Electrical & Mechanical Engineering (CEME) General Stacks 01/12/2022 297.266 KHA (KIDS SEC) CEME-50681 01/12/2022 01/12/2022 Book
© 2023 Central Library, National University of Sciences and Technology. All Rights Reserved.